00641nam a2200205 a 4500001001000000003000900010005001700019007001000036008002900046020001600075040002200091082002900113100003700142245008200179260004900261300002100310650003500331650003300366650003600399000011569DO-SdBNP20231017122505.0000011569091021s2001 xx 000 f spa d a09711071012 aBPMSUbspacBPMSU 4aRD863.44bG216u 20012221 aGarcía, José Enrique,d1948-14aUn pueblo llamado Pan y otros cuentos infantiles /cJosé Enriquez García  aNew York :bEspanish language Texts, c2001. a61 p. ;c21 cm. 4aCuentos infantiles dominicanos 4aPerros vCuentos infantiles. 4aLiteratura infantil dominicana